MARC details
| 000 -LEADER |
| fixed length control field |
02855cam a2200709 a 4500 |
| 001 - CONTROL NUMBER |
| control field |
21468 |
| 003 - CONTROL NUMBER IDENTIFIER |
| control field |
VRT |
| 005 - DATE AND TIME OF LATEST TRANSACTION |
| control field |
20260302131000.0 |
| 008 - FIXED-LENGTH DATA ELEMENTS--GENERAL INFORMATION |
| fixed length control field |
180730s2009 xo a b 000 1 slo |
| 015 ## - NATIONAL BIBLIOGRAPHY NUMBER |
| National bibliography number |
SNBA2010/02-01022 |
| 020 ## - INTERNATIONAL STANDARD BOOK NUMBER |
| International Standard Book Number |
9788055120577 |
| Qualifying information |
(viaz.) |
| 035 ## - SYSTEM CONTROL NUMBER |
| System control number |
9264FCE5-065D-4BDB-90F5-EFAB17EA90D5 |
| 035 ## - SYSTEM CONTROL NUMBER |
| System control number |
urn:nbn:sk:snk-amk11t |
| 035 ## - SYSTEM CONTROL NUMBER |
| System control number |
urn:nbn:sk:snk-am00873v |
| 039 #9 - LEVEL OF BIBLIOGRAPHIC CONTROL AND CODING DETAIL [OBSOLETE] |
| Level of rules in bibliographic description |
202510291431 |
| Level of effort used to assign nonsubject heading access points |
msnk115 |
| Level of effort used to assign subject headings |
202407220824 |
| Level of effort used to assign classification |
AUTHORITY |
| Level of effort used to assign subject headings |
201807301327 |
| Level of effort used to assign classification |
VLOAD |
| Level of effort used to assign subject headings |
201601140847 |
| Level of effort used to assign classification |
VLOAD |
| 040 ## - CATALOGING SOURCE |
| Original cataloging agency |
SVKBB |
| Language of cataloging |
slo |
| Transcribing agency |
SVKBB |
| Modifying agency |
SNK |
| Description conventions |
AACR2 |
| 041 0# - LANGUAGE CODE |
| Language code of text/sound track or separate title |
slo |
| 044 ## - COUNTRY OF PUBLISHING/PRODUCING ENTITY CODE |
| MARC country code |
xo |
| ISO country code |
SK |
| 072 #7 - SUBJECT CATEGORY CODE |
| Subject category code |
821-1/-8 |
| Subject category code subdivision |
Literatúra rôznych foriem a žánrov |
| Source |
konspekt |
| 072 #7 - SUBJECT CATEGORY CODE |
| Subject category code |
821-93 |
| Subject category code subdivision |
Literatúra pre deti a mládež |
| Source |
konspekt |
| 080 ## - UNIVERSAL DECIMAL CLASSIFICATION NUMBER |
| Universal Decimal Classification number |
398.9 |
| Edition identifier |
2001 |
| 080 ## - UNIVERSAL DECIMAL CLASSIFICATION NUMBER |
| Universal Decimal Classification number |
82-84 |
| Edition identifier |
2001 |
| 080 ## - UNIVERSAL DECIMAL CLASSIFICATION NUMBER |
| Universal Decimal Classification number |
82-98 |
| Edition identifier |
2001 |
| 080 ## - UNIVERSAL DECIMAL CLASSIFICATION NUMBER |
| Universal Decimal Classification number |
(0:82-34) |
| Edition identifier |
2001 |
| 080 ## - UNIVERSAL DECIMAL CLASSIFICATION NUMBER |
| Universal Decimal Classification number |
(0:82-1) |
| Edition identifier |
2001 |
| 080 ## - UNIVERSAL DECIMAL CLASSIFICATION NUMBER |
| Universal Decimal Classification number |
821-93 |
| Edition identifier |
2001 |
| 245 00 - TITLE STATEMENT |
| Title |
Zlatá reťaz |
| Remainder of title |
rozprávky, povrávky, príslovia, porekadlá, pranostiky, hádanky, veršovanky, vyčítanky, hry, koledy, spievanky a zvyky pre najmenších i väčších |
| Statement of responsibility, etc. |
zostavila a upravila Elena Slobodová ; ilustrovala Katarína Ilkovičová |
| 250 ## - EDITION STATEMENT |
| Edition statement |
[1. vyd.] |
| 260 ## - PUBLICATION, DISTRIBUTION, ETC. |
| Place of publication, distribution, etc. |
Bratislava |
| Name of publisher, distributor, etc. |
Ikar |
| Date of publication, distribution, etc. |
2009 |
| 300 ## - PHYSICAL DESCRIPTION |
| Extent |
297 s. |
| Other physical details |
fareb. ilustr. |
| Dimensions |
26 cm |
| 500 ## - GENERAL NOTE |
| General note |
Rok ilustrácie 2009 |
| 504 ## - BIBLIOGRAPHY, ETC. NOTE |
| Bibliography, etc. note |
Bibliogr. s. 297 |
| 650 07 - SUBJECT ADDED ENTRY--TOPICAL TERM |
| Topical term or geographic name entry element |
príslovia a porekadlá |
| Source of heading or term |
SNKPH |
| 650 07 - SUBJECT ADDED ENTRY--TOPICAL TERM |
| Topical term or geographic name entry element |
pranostiky |
| Source of heading or term |
SNKPH |
| 650 07 - SUBJECT ADDED ENTRY--TOPICAL TERM |
| Topical term or geographic name entry element |
hádanky |
| Source of heading or term |
SNKPH |
| 650 #7 - SUBJECT ADDED ENTRY--TOPICAL TERM |
| Topical term or geographic name entry element |
kombinovaná technika |
| Source of heading or term |
BINPH |
| 655 #7 - INDEX TERM--GENRE/FORM |
| Genre/form data or focus term |
publikácie pre deti |
| Source of term |
SNKPH |
| 655 #7 - INDEX TERM--GENRE/FORM |
| Genre/form data or focus term |
riekanky |
| Source of term |
SNKPH |
| 655 #7 - INDEX TERM--GENRE/FORM |
| Genre/form data or focus term |
rozprávky |
| Source of term |
SNKPH |
| 655 #7 - INDEX TERM--GENRE/FORM |
| Genre/form data or focus term |
poézia |
| Source of term |
SNKPH |
| 700 1# - ADDED ENTRY--PERSONAL NAME |
| Personal name |
Slobodová, Elena, |
| Dates associated with a name |
1940- |
| Relationship |
com |
| 700 1# - ADDED ENTRY--PERSONAL NAME |
| Personal name |
Ilkovičová, Katarína, |
| Dates associated with a name |
1982- |
| Relationship |
ill |
| 711 2# - ADDED ENTRY--MEETING NAME |
| Meeting name or jurisdiction name as entry element |
Najkrajšie a najlepšie detské knihy jari, leta, jesene a zimy na Slovensku |
| Number of part/section/meeting |
(20. : |
| Date of meeting or treaty signing |
2009 |
| Location of meeting |
Bratislava, Slovensko). |
| Subordinate unit |
Najlepšia detská kniha zimy |
| 711 2# - ADDED ENTRY--MEETING NAME |
| Meeting name or jurisdiction name as entry element |
Bienále ilustrácií Bratislava |
| Number of part/section/meeting |
(23. : |
| Date of meeting or treaty signing |
2011 : |
| Location of meeting |
Bratislava, Slovensko). |
| Relationship |
aut |
| 942 ## - ADDED ENTRY ELEMENTS (KOHA) |
| Source of classification or shelving scheme |
Dewey Decimal Classification |
| Koha item type |
Krásna literatúra pre deti |
| Suppress in OPAC |
No |
| 949 ## - LOCAL PROCESSING INFORMATION (OCLC) |
| 6 |
270001000353192 |
| a |
svkbbC 53166 |
| b |
svkbbm 705375 |
| 949 ## - LOCAL PROCESSING INFORMATION (OCLC) |
| 6 |
17A0643731 |
| a |
snkSB 78950 |
| b |
snk2010/2280 |
| o |
257/10 |
| s |
6100:20140925 |
| 949 ## - LOCAL PROCESSING INFORMATION (OCLC) |
| 6 |
17A0643730 |
| a |
snkSB 78950 D1 |
| b |
snk2010/2281 |
| o |
257/10 |
| p |
Digitalizovaný |
| 949 ## - LOCAL PROCESSING INFORMATION (OCLC) |
| 6 |
3870A21410 |
| a |
binNDK 2009/13 |
| b |
bin21410 |
| 949 ## - LOCAL PROCESSING INFORMATION (OCLC) |
| 6 |
3870A21464 |
| a |
binSR 074 |
| b |
bin21464 |
| 949 ## - LOCAL PROCESSING INFORMATION (OCLC) |
| 6 |
3870A21499 |
| a |
binIL 0953 |
| b |
bin21499 |
| 949 ## - LOCAL PROCESSING INFORMATION (OCLC) |
| 6 |
2889173685 |
| a |
savukPV 14967 |
| b |
savuk2011/3565 |
| 949 ## - LOCAL PROCESSING INFORMATION (OCLC) |
| 6 |
273K0514713 |
| a |
svkpoC 50497 |
| b |
svkpo523657 |
| 949 ## - LOCAL PROCESSING INFORMATION (OCLC) |
| 6 |
3870A22589 |
| a |
binBIB 11/356 |
| b |
bin22589 |
| 949 ## - LOCAL PROCESSING INFORMATION (OCLC) |
| 6 |
3830001137423 |
| a |
kurukT18/ZLAT2-1 |
| b |
kuruk2020/F1441 |
| o |
D2020/Jablonský, Tomáš/PF KU/21.5.2020 |
| 980 ## - EQUIVALENCE OR CROSS-REFERENCE-SERIES STATEMENT--PERSONAL NAME/TITLE [LOCAL, CANADA] |
| Personal name |
821.162.4-34 |
| 980 ## - EQUIVALENCE OR CROSS-REFERENCE-SERIES STATEMENT--PERSONAL NAME/TITLE [LOCAL, CANADA] |
| Personal name |
821.162.4-89 |
| 980 ## - EQUIVALENCE OR CROSS-REFERENCE-SERIES STATEMENT--PERSONAL NAME/TITLE [LOCAL, CANADA] |
| Personal name |
821-93 |
| 980 ## - EQUIVALENCE OR CROSS-REFERENCE-SERIES STATEMENT--PERSONAL NAME/TITLE [LOCAL, CANADA] |
| Personal name |
398.9 |
| 980 ## - EQUIVALENCE OR CROSS-REFERENCE-SERIES STATEMENT--PERSONAL NAME/TITLE [LOCAL, CANADA] |
| Personal name |
821.162.4-1 |